000 00831nam a2200205Ia 4500
003 OSt
005 20241112133745.0
007 ca aa aaaaa
008 201103s9999 xx 000 0 und d
040 _cSSBUL
041 _abur
082 _223
_a၂၉၄.၃၄၄၃၅
_b၉၁၉၇ S-SAT
100 0 _aမိုးညိုဆရာတော်။
_917342
245 1 0 _aသောတာပန်စခမ်းဝိပဿနာကျမ်း /
_cမိုးညိုဆရာတော်။
260 _aရန်ကုန် ၊
_bရဲရဲတောက်စာပုံနှိပ်တိုက်၊
_c[ခုနှစ်မပါ]။
300 _a၁၆၂ စာမျက်နှာ ၊
_c၁၈ စင်တီ။
500 _aS-SAT: Dr. Sai Aung Tun
650 _aဝိပဿနာ
942 _2ddc
_cBK1
999 _c16731
_d16731